| 000 | 00620cam a22002411 4500 | ||
|---|---|---|---|
| 001 | sa 65005092 | ||
| 003 | DLC | ||
| 005 | 20260227112135.0 | ||
| 008 | 890825s1964 pk a 000 0 urdr | ||
| 010 | _asa 65005092 | ||
| 035 | _a(OCoLC)20258137 | ||
| 040 |
_aDLC _cWaU _dDLC |
||
| 042 | _apremarc | ||
| 043 | _aa-pk--- | ||
| 050 | 0 | 0 |
_aSB251.P26 _bW4 |
| 110 | 1 |
_aWest Pakistan (Pakistan). _bBureau of Agricultural Information. |
|
| 245 | 1 | 0 | _aKapās. |
| 260 | _c1964. | ||
| 300 |
_a232 p. _billus. _c24 cm. |
||
| 500 | _aIn Urdu. | ||
| 500 | _aText partially vocalized. | ||
| 650 | 0 |
_aCotton growing _zPakistan. |
|
| 999 |
_c64104 _d64104 |
||